[Event "SUI-ch"]
[Site "Pontresina"]
[Date "2000.07.21"]
[Round "9"]
[White "Gallagher, Joseph G"]
[Black "Pelletier, Yannick"]
[Result "1/2-1/2"]
[WhiteElo "2514"]
[BlackElo "2474"]
[PlyCount "101"]
[EventDate "2000.07.13"]
[Source "ChessBase"]
[SourceDate "2000.11.21"]

1. e4 e6 2. d4 d5 3. Nd2 Nf6 4. e5 Nfd7 5. c3 c5 6. Bd3 b6 7. Ne2 Ba6 8. Bxa6 Nxa6 9. O-O Nc7 10. Nf4 c4 11. Qg4 b5 12. Nf3 g6 13. h4 h6 14. Re1 Qe7 15. b3 Nb6 16. bxc4 Nxc4 17. h5 gxh5 18. Nxh5 Kd7 19. Nd2 Nxd2 20. Bxd2 Kc6 21. a4 a6 22. Reb1 Qe8 23. Bc1 Be7 24. Ba3 Bxa3 25. Rxa3 Qe7 26. Rab3 Rhb8 27. Qf3 Qf8 28. a5 Kb7 29. c4 Ka7 30. c5 b4 31. Rxb4 Rb5 32. Rxb5 Nxb5 33. Qf4 Rb8 34. Kh2 Rb7 35. Nf6 Qd8 36. Qd2 Ka8 37. Rb3 Na7 38. Rb6 Rxb6 39. axb6 Nc6 40. Qd3 Kb7 41. Kg1 Qh8 42. f4 a5 43. Qb5 Qa8 44. Qa4 Qa6 45. Ne8 Qe2 46. Nd6+ Kb8 47. Kh2 Qg4 48. Qb5 Qxf4+ 49. g3 Qf2+ 50. Kh3 Qf3 51. Qxc6 1/2-1/2

[Event "UKR-ch"]
[Site "Ordzhonikidze"]
[Date "2001.09.10"]
[Round "3"]
[White "Miroshnichenko, Evgenij"]
[Black "Savon, Vladimir A"]
[Result "1/2-1/2"]
[WhiteElo "2539"]
[BlackElo "2449"]
[PlyCount "73"]
[EventDate "2001.09.08"]
[Source "ChessBase"]
[SourceDate "2001.02.01"]

1. e4 e6 2. d4 d5 3. Nd2 Nf6 4. e5 Nfd7 5. Bd3 c5 6. c3 b6 7. Ne2 Ba6 8. Bxa6 Nxa6 9. O-O g6 10. c4 Bg7 11. cxd5 exd5 12. f4 O-O 13. f5 Re8 14. f6 Bf8 15. Nf3 cxd4 16. Nexd4 Nxe5 17. Nxe5 Rxe5 18. Nc6 Qe8 19. Nxe5 Qxe5 20. Bf4 Qe6 21. Re1 Qd7 22. Qf3 Nc5 23. Rad1 Rd8 24. Re2 Ne6 25. Kh1 Bc5 26. Red2 d4 27. Be5 a5 28. b3 h6 29. Rd3 Kh7 30. Bf4 Qd5 31. Qg3 g5 32. Be5 Qe4 33. Re1 Qf5 34. Rf3 Qg6 35. Rd3 Qf5 36. Rf3 Qg6 37. Rd3 1/2-1/2

[Event "Wch U20"]
[Site "Zagan"]
[Date "1997.07.22"]
[Round "8"]
[White "Szabo, Zsolt Jozsef"]
[Black "Kasimdzhanov, Rustam"]
[Result "0-1"]
[WhiteElo "2435"]
[BlackElo "2545"]
[PlyCount "82"]
[EventDate "1997.07.14"]
[Source "ChessBase"]
[SourceDate "1997.09.26"]

1. e4 e6 2. d4 d5 3. Nd2 Nf6 4. e5 Nfd7 5. Bd3 c5 6. c3 b6 7. Qa4 cxd4 8. cxd4 Nc6 9. Ndf3 Nb4 10. Bb1 Ba6 11. Qd1 Qc7 12. Ne2 Rc8 13. Nc3 Qc4 14. a3 Nd3+ 15. Bxd3 Qxd3 16. Qxd3 Bxd3 17. Bf4 f6 18. Kd2 Ba6 19. h4 h5 20. Rae1 Kf7 21. Re3 Rc6 22. Rhe1 Bc4 23. Rg1 Be7 24. Ree1 b5 25. Rb1 b4 26. axb4 Bxb4 27. g4 hxg4 28. Rxg4 Nb6 29. Rbg1 Bf8 30. exf6 gxf6 31. Rg6 Rh5 32. R6g4 a5 33. Ra1 Ba6 34. Ke1 Bb4 35. Nd2 a4 36. Ndb1 Bd3 37. Bd2 Bf5 38. Rf4 Bd6 39. Rxf5 Rxf5 40. Nxa4 Rh5 41. Nc5 Nc4 0-1

[Event "Orense op"]
[Site "?"]
[Date "1996.??.??"]
[Round "?"]
[White "Kolev Atanas"]
[Black "Giaccio Alfredo Gustavo"]
[Result "1-0"]
[WhiteElo "2510"]
[BlackElo "2470"]
[PlyCount "70"]
[EventDate "1996.??.??"]
[Source "www.chesslib.no"]
[SourceDate "2004.05.04"]

1. e4 e6 2. d4 d5 3. Nd2 Nf6 4. e5 Nfd7 5. Bd3 c5 6. c3 b6 7. Nh3 Ba6 8. Bxa6 Nxa6 9. O-O Nc7 10. Qg4 c4 11. Nf4 g6 12. h4 h5 13. Qg3 b5 14. Nf3 Nb6 15. Ne2 Be7 16. Bg5 Bxg5 17. Nxg5 Qe7 18. Qf4 a5 19. a3 Na6 20. Kh2 Nb8 21. Rh1 Nc6 22. Kg1 Na4 23. Rb1 Rb8 24. Rh3 b4 25. axb4 axb4 26. Qc1 Qb7 27. Ra1 Ra8 28. Rf3 bxc3 29. bxc3 Nd8 30. Nf4 Nb6 31. Rb1 Ra2 32. Kh2 Qc7 33. Rb4 Nc8 34. Nxg6 Rg8 35. Nf4 Qe7 1-0

[Event "Orange Open"]
[Site "Orange"]
[Date "1990.??.??"]
[Round "6"]
[White "Georgiev, Krum I"]
[Black "Moskalenko, Viktor"]
[Result "1-0"]
[WhiteElo "2455"]
[BlackElo "2525"]
[PlyCount "81"]
[EventDate "1990.??.??"]
[Source "www.chesslib.no"]
[SourceDate "2004.05.04"]

1. e4 e6 2. d4 d5 3. Nd2 Nf6 4. e5 Nfd7 5. Bd3 c5 6. c3 b6 7. f4 Ba6 8. Ndf3 Bxd3 9. Qxd3 Qc8 10. f5 Qa6 11. Qe3 Nc6 12. fxe6 fxe6 13. Ne2 Be7 14. O-O O-O 15. Nf4 Nd8 16. Qf2 Rf5 17. Be3 Nf8 18. Qg3 Qc8 19. Qg4 Qd7 20. Nh5 Ng6 21. Ng3 Rf7 22. h4 Rxf3 23. Rxf3 Nxh4 24. Rf2 Nc6 25. Nh5 Ng6 26. Raf1 Rf8 27. Rxf8+ Bxf8 28. Rf6 Nd8 29. Rxg6 hxg6 30. Qxg6 Kh8 31. Bf2 Qf7 32. Qxf7 Nxf7 33. Nf4 cxd4 34. cxd4 Ng5 35. Bh4 Ne4 36. Nxe6 Bb4 37. Nc7 Kg8 38. Kf1 Bd2 39. Ke2 g5 40. Be1 Bc1 41. b3 1-0

[Event "Bor"]
[Site "Bor"]
[Date "1984.??.??"]
[Round "?"]
[White "Kudrin, Sergey"]
[Black "Sahovic, Dragutin"]
[Result "1/2-1/2"]
[WhiteElo "2550"]
[BlackElo "2430"]
[PlyCount "113"]
[EventDate "1984.10.??"]
[Source "ChessBase"]

1. e4 e6 2. d4 d5 3. Nd2 Nf6 4. Bd3 c5 5. e5 Nfd7 6. c3 b6 7. Nh3 Ba6 8. Bxa6 Nxa6 9. O-O Nc7 10. Nf4 g6 11. Re1 c4 12. a4 a6 13. Qg4 Be7 14. Nf3 b5 15. h4 Nb6 16. axb5 axb5 17. Rxa8 Qxa8 18. h5 Kd7 19. Nh3 gxh5 20. Qxh5 Qg8 21. Nh2 Qg6 22. Qf3 Ra8 23. Nf4 Qc2 24. Ne2 Qf5 25. Qxf5 exf5 26. Nf1 Ra2 27. Neg3 f4 28. Nh5 Ne6 29. Bxf4 Rxb2 30. Ra1 Na4 31. Bd2 Rc2 32. f4 Nxc3 33. f5 Nc7 34. Ra7 Ne2+ 35. Kh2 Nxd4 36. Ba5 Bd8 37. Nf6+ Kc6 38. Ne3 Ra2 39. Bxc7 Rxa7 40. Bxd8 b4 41. Nexd5 b3 42. Bb6 Nf3+ 43. gxf3 Ra2+ 44. Kg3 b2 45. Nc3 Kxb6 46. e6 fxe6 47. fxe6 Ra8 48. Kf4 Kc5 49. Ke5 Kb4 50. Nfd5+ Kb3 51. e7 h5 52. f4 h4 53. f5 h3 54. f6 h2 55. f7 h1=Q 56. f8=Q Qh2+ 57. Kd4 1/2-1/2

[Event "Kotov Memorial"]
[Site "Odessa UKR"]
[Date "1989.??.??"]
[Round "?"]
[White "Rozentalis, Eduardas"]
[Black "Moskalenko, Viktor"]
[Result "1-0"]
[WhiteElo "2485"]
[BlackElo "2490"]
[PlyCount "115"]
[EventDate "1989.10.??"]
[Source "www.chesslib.no"]
[SourceDate "2004.05.04"]

1. e4 e6 2. d4 d5 3. Nd2 Nf6 4. e5 Nfd7 5. Bd3 c5 6. c3 b6 7. Ne2 Ba6 8. Bb1 Nc6 9. Nf3 cxd4 10. cxd4 Bb4+ 11. Bd2 Bxd2+ 12. Qxd2 Qe7 13. a3 Na5 14. Bc2 Rc8 15. b3 O-O 16. O-O Rc7 17. Rfb1 Bxe2 18. Qxe2 Rfc8 19. Ra2 Rc3 20. Qd2 Nf8 21. b4 Rxf3 22. gxf3 Nc4 23. Qf4 Ng6 24. Bxg6 fxg6 25. h4 Rf8 26. Qg3 Rf5 27. Kg2 Qf7 28. Rc2 h6 29. Rc3 Kh7 30. Rd1 a6 31. f4 Rxf4 32. Rf3 Rf5 33. Rdd3 b5 34. Qg4 Nb2 35. Rc3 Nc4 36. Rxf5 gxf5 37. Qd1 g6 38. Rg3 f4 39. Rh3 Qf5 40. Kh2 Kg7 41. Qd3 Qe4 42. Qxe4 dxe4 43. Kg2 g5 44. hxg5 hxg5 45. Rh5 Nxa3 46. Rxg5+ Kf7 47. Rg4 f3+ 48. Kg3 Nc2 49. Rxe4 Nxb4 50. Rh4 a5 51. Rh7+ Kg6 52. Rb7 Kf5 53. Rxb5 Nc6 54. d5 exd5 55. Rxd5 Nxe5 56. Rxa5 Ke4 57. Ra3 Kf5 58. Rxf3+ 1-0

[Event "Corr"]
[Site "?"]
[Date "1996.11.01"]
[Round "?"]
[White "Sychev Anatoly Viktorovich"]
[Black "Carleton John Joseph (ENG)"]
[Result "1-0"]
[WhiteElo "2510"]
[BlackElo "2465"]
[PlyCount "79"]
[EventDate "1996.??.??"]
[Source "www.chesslib.no"]
[SourceDate "2004.05.04"]

1. e4 e6 2. d4 d5 3. Nd2 Nf6 4. e5 Nfd7 5. Bd3 c5 6. c3 b6 7. Nh3 Ba6 8. Bxa6 Nxa6 9. O-O b5 10. Qg4 Nc7 11. Nf3 h6 12. Nf4 c4 13. h4 Nb6 14. h5 a5 15. Ne2 Qd7 16. Nh4 O-O-O 17. f4 Be7 18. f5 Bxh4 19. fxe6 fxe6 20. Qxh4 Rhf8 21. Nf4 Na4 22. Rf3 b4 23. Qe1 Nb5 24. Qd1 bxc3 25. Qxa4 Nxd4 26. Qxd7+ Kxd7 27. Rf2 cxb2 28. Rxb2 Rb8 29. Rxb8 Rxb8 30. Bd2 Nc2 31. Rd1 a4 32. Bc3 a3 33. Ne2 Ne3 34. Rc1 Nf5 35. g4 Ne7 36. Rf1 Ke8 37. Nd4 Rb6 38. Kf2 Kf7 39. Ke3+ Kg8 40. Kd2 1-0

[Event "BC Masters"]
[Site "?"]
[Date "2004.12.29"]
[Round "9"]
[White "Abergel Thal"]
[Black "Apicella Manuel"]
[Result "1/2-1/2"]
[WhiteElo "2428"]
[BlackElo "2543"]
[PlyCount "35"]
[EventDate "2004.??.??"]
[Source "www.chesslib.no"]
[SourceDate "2004.05.04"]

1. e4 e6 2. d4 d5 3. Nd2 Nf6 4. e5 Nfd7 5. Bd3 c5 6. c3 b6 7. Nh3 Ba6 8. Bxa6 Nxa6 9. Qg4 g6 10. Nf3 h6 11. a3 c4 12. Nf4 Qe7 13. h4 Nc7 14. a4 Nb8 15. a5 b5 16. b3 Nc6 17. bxc4 bxc4 18. a6 1/2-1/2

[Event "JUG Team Ch"]
[Site "Igalo"]
[Date "1994.??.??"]
[Round "1"]
[White "Cabrilo, Goran"]
[Black "Nikolic, Zivoslav"]
[Result "1-0"]
[WhiteElo "2480"]
[BlackElo "2485"]
[PlyCount "79"]
[EventDate "1994.??.??"]
[Source "www.chesslib.no"]
[SourceDate "2004.05.04"]

1. e4 e6 2. d4 d5 3. Nd2 Nf6 4. e5 Nfd7 5. c3 c5 6. Bd3 b6 7. Ne2 Ba6 8. Bb1 Nc6 9. Nf3 Be7 10. O-O Qc7 11. Re1 h6 12. h3 O-O-O 13. a3 Bxe2 14. Rxe2 c4 15. Bc2 Na5 16. Be3 Nb8 17. Nh2 h5 18. Nf3 Nbc6 19. Bg5 Rdf8 20. Qd2 Qd8 21. Rf1 a6 22. g3 Rfg8 23. Bxe7 Qxe7 24. Ng5 Nd8 25. Qe3 Qf8 26. Bh7 Qe8 27. Bxg8 Qxg8 28. f4 g6 29. g4 hxg4 30. hxg4 Qe8 31. Rh2 Rxh2 32. Kxh2 Qa4 33. Qe2 Nac6 34. f5 gxf5 35. gxf5 Ne7 36. fxe6 fxe6 37. Rf6 Kd7 38. Nh7 Ng8 39. Rg6 Ne7 40. Rg7 1-0

[Event "Bor"]
[Site "Bor"]
[Date "1986.??.??"]
[Round "6"]
[White "Ilincic, Zlatko"]
[Black "Nikolic, Zivoslav"]
[Result "1-0"]
[WhiteElo "2490"]
[BlackElo "2475"]
[PlyCount "55"]
[EventDate "1986.10.??"]
[Source "www.chesslib.no"]
[SourceDate "2004.05.04"]

1. e4 e6 2. d4 d5 3. Nd2 Nf6 4. e5 Nfd7 5. c3 c5 6. Bd3 b6 7. Ne2 Ba6 8. Bxa6 Nxa6 9. O-O Nc7 10. a4 Be7 11. Nf4 a6 12. Qg4 g6 13. Nf3 c4 14. h4 h6 15. Nh3 b5 16. h5 g5 17. Nh2 Rg8 18. Qe2 f5 19. exf6 Nxf6 20. Ng4 Nxg4 21. Qxg4 Kd7 22. f4 gxf4 23. Qe2 bxa4 24. Bxf4 a3 25. bxa3 Nb5 26. a4 Nd6 27. Rae1 Ne4 28. Nf2 1-0

[Event "Nikolaev zt"]
[Site "Nikolaev"]
[Date "1995.??.??"]
[Round "10"]
[White "Frolov, Artur"]
[Black "Krivoshey, Sergei"]
[Result "1-0"]
[WhiteElo "2545"]
[BlackElo "2420"]
[PlyCount "144"]
[EventDate "1995.03.??"]
[Source "ChessBase"]

1. e4 e6 2. d4 d5 3. Nd2 Nf6 4. e5 Nfd7 5. Bd3 c5 6. c3 b6 7. Ngf3 cxd4 8. cxd4 Ba6 9. Bxa6 Nxa6 10. O-O Be7 11. a3 O-O 12. Nb3 Rc8 13. Qd3 Ndb8 14. Bd2 Qd7 15. Bg5 Rc6 16. Rac1 Rfc8 17. Rxc6 Rxc6 18. Bxe7 Qxe7 19. h4 h6 20. g4 Nc7 21. Kg2 Ne8 22. Rh1 Nd7 23. Ne1 f6 24. f4 fxe5 25. fxe5 Nf8 26. Kh3 g5 27. h5 Qh7 28. Qd2 Rc7 29. Rf1 Rf7 30. Rxf7 Qxf7 31. Kg3 Nd7 32. Nf3 Nf8 33. Nc1 Qh7 34. Nd3 Qe4 35. Nf2 Qh7 36. Qe2 Qf7 37. Nd3 Qc7 38. Qf2 Qh7 39. Nb4 Qc7 40. Na2 Qc4 41. Nc3 a5 42. Qc2 Nc7 43. b3 Qc6 44. Qd3 Qd7 45. Qd2 Nb5 46. Nxb5 Qxb5 47. Qc2 Qd7 48. Ng1 Qf7 49. Qf2 Qe7 50. a4 Qb4 51. Qe3 Qa3 52. Kf2 Qb2+ 53. Ne2 Qb1 54. Qc3 Qd1 55. Ke3 Qh1 56. Kd2 Qe4 57. Qg3 Qb1 58. Qd3 Qb2+ 59. Qc2 Qa1 60. Qd3 Qb2+ 61. Ke3 Qa1 62. Qb5 Qh1 63. Qxb6 Qh3+ 64. Kd2 Qxg4 65. b4 Qxh5 66. bxa5 g4 67. a6 Qg5+ 68. Kd1 g3 69. a7 g2 70. a8=Q g1=Q+ 71. Nxg1 Qxg1+ 72. Kd2 Qf2+ 1-0

[Event "Martinez Valle Open"]
[Site "Martinez Valle"]
[Date "1993.??.??"]
[Round "4"]
[White "Zarnicki, Pablo A"]
[Black "Panno, Oscar R"]
[Result "1-0"]
[WhiteElo "2470"]
[BlackElo "2495"]
[PlyCount "67"]
[EventDate "1993.??.??"]
[Source "www.chesslib.no"]
[SourceDate "2004.05.04"]

1. e4 e6 2. d4 d5 3. Nd2 Nf6 4. Bd3 c5 5. e5 Nfd7 6. c3 b6 7. Ne2 Ba6 8. Bxa6 Nxa6 9. O-O Be7 10. Nf4 cxd4 11. cxd4 g6 12. Qg4 Qc8 13. Nf3 Qc2 14. Ne1 Qa4 15. Be3 O-O-O 16. Qe2 Nc7 17. Nfd3 Nb8 18. b3 Qd7 19. a4 Nc6 20. Nc2 a5 21. Rfb1 Na6 22. Bd2 Kc7 23. b4 axb4 24. Ndxb4 Naxb4 25. Nxb4 Nxb4 26. Bxb4 Ra8 27. Qc2+ Kd8 28. Bd2 Qc7 29. Qb3 f5 30. a5 bxa5 31. Bxa5 Rxa5 32. Rxa5 Qxa5 33. Qb8+ Kd7 34. Qxh8 1-0

[Event "Kstovo op"]
[Site "Kstovo"]
[Date "1994.??.??"]
[Round "2"]
[White "Yandemirov, Valeri"]
[Black "Skomorokhin, Roman"]
[Result "1/2-1/2"]
[WhiteElo "2535"]
[BlackElo "2425"]
[PlyCount "88"]
[EventDate "1994.08.??"]
[Source "ChessBase"]

1. e4 e6 2. d4 d5 3. Nd2 Nf6 4. e5 Nfd7 5. Bd3 c5 6. c3 b6 7. Ne2 Ba6 8. Bxa6 Nxa6 9. O-O Nc7 10. f4 Be7 11. f5 exf5 12. Rxf5 f6 13. exf6 Bxf6 14. Rf1 O-O 15. Nf3 c4 16. Bf4 Ne6 17. Qa4 Be7 18. Bg3 Qc8 19. Rae1 a6 20. Nf4 Nxf4 21. Rxe7 Nc5 22. dxc5 Qxc5+ 23. Nd4 Nh3+ 24. gxh3 Rxf1+ 25. Kxf1 Qxe7 26. Qc6 Rf8+ 27. Bf2 Kh8 28. Qe6 Qh4 29. Qe3 Qh5 30. Kg2 b5 31. Qe6 Qg5+ 32. Qg4 Qf6 33. Nf3 Qe7 34. Bd4 a5 35. Ne5 Qf6 36. Nf3 Qe7 37. Ne5 Qf6 38. Kg3 Re8 39. Qh5 Rf8 40. Qg4 Re8 41. Qh5 Rf8 42. h4 Qf4+ 43. Kh3 Qf1+ 44. Kg3 Qf4+ 1/2-1/2

[Event "BKL-Turnier"]
[Site "Leipzig"]
[Date "1988.??.??"]
[Round "?"]
[White "Vogt, Lothar"]
[Black "Paehtz, Thomas Sr"]
[Result "1/2-1/2"]
[WhiteElo "2460"]
[BlackElo "2500"]
[PlyCount "91"]
[EventDate "1988.01.??"]
[Source "ChessBase"]

1. e4 e6 2. d4 d5 3. Nd2 Nf6 4. e5 Nfd7 5. Bd3 c5 6. c3 b6 7. Ne2 Ba6 8. Nf3 Bxd3 9. Qxd3 Be7 10. O-O Nc6 11. Bd2 c4 12. Qe3 b5 13. Qf4 Nf8 14. Qg4 h5 15. Qf4 Ng6 16. Qe3 a5 17. Nf4 Nh4 18. Nxh4 Bxh4 19. b3 Ne7 20. Qe2 Nf5 21. bxc4 bxc4 22. Nxh5 g6 23. Ng3 Nxg3 24. fxg3 Bg5 25. Rab1 Bxd2 26. Qxd2 Rb8 27. Qf2 O-O 28. Rxb8 Qxb8 29. h4 Qd8 30. Qf4 Kg7 31. Rb1 Qe7 32. Rb5 a4 33. Rb4 a3 34. Qc1 Rh8 35. Qxa3 g5 36. Qc1 gxh4 37. Qf4 Kg6 38. a4 hxg3 39. Qxg3+ Qg5 40. Qxg5+ Kxg5 41. Rb2 Ra8 42. Ra2 Kf5 43. Rf2+ Kg6 44. Ra2 Kf5 45. Rf2+ Kg6 46. Ra2 1/2-1/2

[Event "FRG-ch int"]
[Site "Mannheim"]
[Date "1975.??.??"]
[Round "11"]
[White "Mednis, Edmar John"]
[Black "Keene, Raymond"]
[Result "1/2-1/2"]
[WhiteElo "2455"]
[BlackElo "2505"]
[PlyCount "178"]
[EventDate "1975.??.??"]
[Source "ChessBase"]

1. e4 e6 2. d4 d5 3. Nd2 Nf6 4. e5 Nfd7 5. c3 c5 6. Bd3 b6 7. Ne2 Ba6 8. Bxa6 Nxa6 9. O-O Nc7 10. Nf4 Be7 11. Re1 Qc8 12. Qg4 g6 13. Nh3 Qa6 14. Nf1 h6 15. Be3 O-O-O 16. a4 Qd3 17. a5 c4 18. axb6 axb6 19. Nf4 Qc2 20. Rab1 b5 21. Rec1 Qf5 22. Qd1 g5 23. Ng3 Qh7 24. Nfh5 Nb6 25. f4 Rdf8 26. Qc2 gxf4 27. Qxh7 Rxh7 28. Bxf4 b4 29. cxb4 Nb5 30. Ne2 Bxb4 31. b3 c3 32. Bd2 Kb7 33. Bxc3 Bxc3 34. Nxc3 Nxd4 35. Rf1 Rc8 36. Nf6 Rg7 37. Nh5 Rg5 38. Rxf7+ Rc7 39. Rxc7+ Kxc7 40. Nf4 Rxe5 41. Rd1 Nxb3 42. Nxe6+ Rxe6 43. Nxd5+ Nxd5 44. Rxd5 Kc6 45. Rh5 Nd4 46. g4 Rg6 47. Kf2 Ne6 48. Kg3 Kd6 49. h4 Ke7 50. Rf5 Ng7 51. Ra5 Rd6 52. Ra7+ Kf8 53. Ra8+ Kf7 54. Ra7+ Kg6 55. Ra3 Ne6 56. Rc3 Nd4 57. Ra3 Rb6 58. Ra5 Ne6 59. Ra3 Nc5 60. Ra5 Rb3+ 61. Kg2 Rc3 62. Rb5 Rc4 63. Rb6+ Kg7 64. Kh3 Nd7 65. Rb5 Rc5 66. Rb7 Rd5 67. Ra7 Rd6 68. Ra5 Rd3+ 69. Kg2 Re3 70. Ra7 Re7 71. Kg3 Kf7 72. Ra6 Re6 73. Ra7 Rd6 74. Ra5 Kg6 75. Kh3 Rc6 76. Rd5 Nc5 77. Rd4 Re6 78. Rc4 Nd3 79. Ra4 Re3+ 80. Kg2 Nc5 81. Rc4 Ne6 82. Ra4 Rd3 83. Ra6 Kf7 84. Ra7+ Kg8 85. Ra8+ Kf7 86. Ra7+ Kf6 87. g5+ hxg5 88. hxg5+ Kxg5 89. Re7 Kf5 1/2-1/2

[Event "URS-ch U26"]
[Site "Minsk"]
[Date "1990.??.??"]
[Round "?"]
[White "Sorokin, Maxim"]
[Black "Neverov, Valeriy"]
[Result "1-0"]
[WhiteElo "2455"]
[BlackElo "2505"]
[PlyCount "103"]
[EventDate "1990.01.??"]
[Source "ChessBase"]

1. e4 e6 2. d4 d5 3. Nd2 Nf6 4. e5 Nfd7 5. c3 c5 6. Bd3 b6 7. Ne2 Ba6 8. Bxa6 Nxa6 9. Nf4 Be7 10. Qg4 g6 11. Nf3 b5 12. h4 c4 13. h5 g5 14. Nxe6 fxe6 15. Qxe6 Qb6 16. Qxd5 Nc7 17. Qe4 h6 18. Be3 Qe6 19. Qg6+ Qxg6 20. hxg6 O-O-O 21. g7 Rhg8 22. Rxh6 Rxg7 23. Ke2 Nb6 24. Rah1 Na4 25. Rh7 Rdg8 26. Bc1 Nd5 27. Nd2 Nf4+ 28. Kf3 Nd3 29. Rxg7 Rxg7 30. Ne4 Kd7 31. b3 Nb6 32. Be3 g4+ 33. Ke2 Nd5 34. Rh6 N3f4+ 35. Bxf4 Nxf4+ 36. Kd2 cxb3 37. axb3 Rg6 38. Rh7 a5 39. g3 Nd5 40. c4 bxc4 41. bxc4 Nb6 42. Kd3 Ke8 43. d5 Nd7 44. Kd4 Ba3 45. e6 Nf6 46. Ra7 Nxe4 47. Kxe4 Bb4 48. Kf5 Rh6 49. Kxg4 Rh1 50. f4 Rc1 51. f5 Rxc4+ 52. Kh5 1-0

[Event "BUL-ch"]
[Site "Plovdiv"]
[Date "1999.05.14"]
[Round "3"]
[White "Spasov, Vasil"]
[Black "Dragiev, Veselin"]
[Result "1-0"]
[WhiteElo "2587"]
[BlackElo "2370"]
[PlyCount "67"]
[EventDate "1999.05.??"]
[Source "ChessBase"]
[SourceDate "1999.07.10"]

1. e4 e6 2. d4 d5 3. Nd2 Nf6 4. e5 Nfd7 5. Bd3 c5 6. c3 b6 7. Nh3 Ba6 8. Bxa6 Nxa6 9. O-O Be7 10. Qg4 g6 11. Nf3 h5 12. Qg3 Nc7 13. Bg5 Bxg5 14. Nfxg5 Qe7 15. Nf4 O-O-O 16. h4 Kb7 17. b3 Rc8 18. Qf3 cxd4 19. cxd4 Nb8 20. a4 Rhf8 21. Rac1 Nba6 22. Nd3 Nb8 23. Qe3 Nca6 24. g3 Rxc1 25. Rxc1 Rc8 26. Rxc8 Kxc8 27. Qf4 Nc6 28. Nxf7 Nxd4 29. Nd6+ Qxd6 30. exd6 Ne2+ 31. Kf1 Nxf4 32. Nxf4 Kd7 33. Nxg6 Kxd6 34. g4 1-0

[Event "Tch (Men) 2005/2006 FRA"]
[Site "?"]
[Date "2006.02.04"]
[Round "2"]
[White "Lepelletier Benoit"]
[Black "Apicella Manuel"]
[Result "1/2-1/2"]
[WhiteElo "2437"]
[BlackElo "2519"]
[PlyCount "83"]
[EventDate "2006.??.??"]
[Source "www.chesslib.no"]
[SourceDate "2004.05.04"]

1. e4 e6 2. d4 d5 3. Nd2 Nf6 4. e5 Nfd7 5. Bd3 c5 6. c3 b6 7. f4 Ba6 8. Bxa6 Nxa6 9. Ndf3 Nc7 10. Ne2 g6 11. Be3 c4 12. g4 h5 13. gxh5 Rxh5 14. h4 Be7 15. Ng5 Bxg5 16. fxg5 Qe7 17. Ng3 Rh8 18. Qf3 b5 19. Ke2 b4 20. h5 gxh5 21. Nxh5 O-O-O 22. Bd2 Nb5 23. a4 bxa3 24. Rhb1 Rh7 25. bxa3 Rdh8 26. Ng3 Rh2+ 27. Kd1 a6 28. a4 Na7 29. Rb4 R8h3 30. Ra2 a5 31. Rbb2 Qf8 32. Be1 Rxb2 33. Rxb2 Qa3 34. Rc2 Qa1+ 35. Kd2 Nc6 36. Qxf7 Nxd4 37. cxd4 Qxd4+ 38. Kc1 Qa1+ 39. Kd2 Qxe5 40. Qf3 Qd4+ 41. Kc1 Qa1+ 42. Kd2 1/2-1/2

[Event "Julian Borowski-B"]
[Site "Essen"]
[Date "2000.04.30"]
[Round "4"]
[White "Mainka, Romuald"]
[Black "Pelletier, Yannick"]
[Result "0-1"]
[WhiteElo "2478"]
[BlackElo "2478"]
[PlyCount "70"]
[EventDate "2000.04.27"]
[Source "ChessBase"]
[SourceDate "2000.07.27"]

1. e4 e6 2. d4 d5 3. Nd2 Nf6 4. e5 Nfd7 5. Bd3 c5 6. c3 b6 7. Nh3 Ba6 8. Bxa6 Nxa6 9. O-O b5 10. Nf3 Nb6 11. a4 bxa4 12. Rxa4 Nb8 13. dxc5 Nxa4 14. Qxa4+ Qd7 15. Qg4 a5 16. c4 h5 17. Qg3 dxc4 18. Be3 Nc6 19. Nhg5 c3 20. bxc3 a4 21. Nd2 a3 22. Qf3 a2 23. Nb3 Ra3 24. Na1 Nxe5 25. Qe2 Ra8 26. Rd1 Qc6 27. Bf4 Ng6 28. Bd6 Bxd6 29. cxd6 Nf4 30. Qf1 O-O 31. Nf3 Rfd8 32. Ne5 Qc5 33. Qe1 Rxd6 34. Rxd6 Qxd6 35. g3 Rb8 0-1

[Event "RUS-ch"]
[Site "Elista"]
[Date "1995.??.??"]
[Round "6"]
[White "Daniliuk, Sergey"]
[Black "Smyslov, Vassily"]
[Result "1/2-1/2"]
[WhiteElo "2390"]
[BlackElo "2565"]
[PlyCount "89"]
[EventDate "1995.10.??"]
[Source "ChessBase"]

1. e4 e6 2. d4 d5 3. Nd2 Nf6 4. e5 Nfd7 5. c3 c5 6. Bd3 b6 7. Ne2 Ba6 8. Bxa6 Nxa6 9. O-O g6 10. Nf3 Qc7 11. Qa4 Qb7 12. c4 dxc4 13. Qxc4 b5 14. Qc3 Bg7 15. Be3 Rc8 16. Rfd1 O-O 17. Ng3 Nb6 18. dxc5 Nd5 19. Qd2 Nxe3 20. Qxe3 Nxc5 21. Rd4 Qe7 22. Rad1 Rc7 23. h4 Na4 24. Qe2 a6 25. Ne4 Nb6 26. Rd6 Nc4 27. Rxa6 Nxe5 28. Nxe5 Bxe5 29. Qxb5 Bh2+ 30. Kxh2 Qxh4+ 31. Kg1 Qxe4 32. Ra4 Qc2 33. Rad4 Rc5 34. Qb4 Rfc8 35. g3 e5 36. R4d2 Qf5 37. a4 Kg7 38. a5 Rc4 39. Qa3 Qe4 40. b3 Rc3 41. a6 h5 42. Rd8 Rxg3+ 43. fxg3 Qe3+ 44. Kh1 Qf3+ 45. Kh2 1/2-1/2

[Event "Linares ESP"]
[Site "Linares ESP"]
[Date "1993.??.??"]
[Round "2"]
[White "Spangenberg, Hugo H"]
[Black "Hergott, Deen"]
[Result "1-0"]
[WhiteElo "2505"]
[BlackElo "2450"]
[PlyCount "87"]
[EventDate "1993.??.??"]
[Source "www.chesslib.no"]
[SourceDate "2004.05.04"]

1. e4 e6 2. d4 d5 3. Nd2 Nf6 4. Bd3 c5 5. e5 Nfd7 6. c3 b6 7. Nh3 Ba6 8. Bxa6 Nxa6 9. O-O b5 10. Qg4 Nb6 11. Nf3 h6 12. Nf4 g6 13. dxc5 Nxc5 14. Be3 Qd7 15. Bxc5 Bxc5 16. Nd4 Rc8 17. Rad1 Bxd4 18. cxd4 Rc2 19. Nd3 O-O 20. Rc1 Rxc1 21. Rxc1 Rc8 22. Nc5 Qe7 23. Qf4 Qg5 24. Qxg5 hxg5 25. Kf1 Kg7 26. Rc3 Rh8 27. Ra3 Nc8 28. h3 Rh4 29. g4 b4 30. Ra4 Rxh3 31. Kg2 Rh4 32. f3 Rh8 33. Rxb4 Nb6 34. a4 Rc8 35. b3 Rc7 36. Kg3 Nc8 37. a5 Ne7 38. a6 Nc6 39. Rb7 Re7 40. b4 Kf8 41. b5 Nxd4 42. b6 Nc6 43. bxa7 Nxa7 44. Nd7+ 1-0

[Event "Katowice Open"]
[Site "Katowice POL"]
[Date "1995.??.??"]
[Round "4"]
[White "Malisauskas, Vidmantas"]
[Black "Koutsin, Sergey"]
[Result "1/2-1/2"]
[WhiteElo "2520"]
[BlackElo "2435"]
[PlyCount "84"]
[EventDate "1995.??.??"]
[Source "www.chesslib.no"]
[SourceDate "2004.05.04"]

1. e4 e6 2. d4 d5 3. Nd2 Nf6 4. e5 Nfd7 5. c3 c5 6. Bd3 b6 7. f4 Ba6 8. Bxa6 Nxa6 9. Ndf3 Nc7 10. Ne2 Be7 11. Qd3 f5 12. h3 c4 13. Qc2 b5 14. g4 g6 15. Be3 a5 16. Kf2 Nf8 17. Rag1 Qd7 18. h4 h5 19. gxh5 Rxh5 20. Ng3 Rh6 21. Ng5 Nh7 22. h5 gxh5 23. Nxh5 O-O-O 24. Nf6 Rxf6 25. Rxh7 Rg6 26. Nf7 Rxg1 27. Kxg1 Rg8+ 28. Kf1 Ne8 29. Qh2 Rg7 30. Rxg7 Nxg7 31. Qh7 Ne8 32. Nh8 b4 33. Ng6 bxc3 34. bxc3 Ba3 35. Qg8 Kb7 36. Nh8 Nc7 37. Nf7 Ka7 38. Ng5 Kb7 39. Ke2 Qa4 40. Nxe6 Qc2+ 41. Kf3 Qe4+ 42. Kf2 Qc2+ 1/2-1/2

[Event "Cansys"]
[Site "Budapest"]
[Date "1991.??.??"]
[Round "2"]
[White "Mueller, Karsten"]
[Black "Moskalenko, Viktor"]
[Result "1-0"]
[WhiteElo "2425"]
[BlackElo "2525"]
[PlyCount "87"]
[EventDate "1991.03.??"]
[Source "ChessBase"]

1. e4 e6 2. d4 d5 3. Nd2 Nf6 4. e5 Nfd7 5. Bd3 c5 6. c3 b6 7. Ne2 Ba6 8. Bxa6 Nxa6 9. O-O Nc7 10. Nf4 Be7 11. Qg4 g6 12. Re1 Nf8 13. dxc5 bxc5 14. c4 Qd7 15. b3 h5 16. Qf3 g5 17. Nxh5 O-O-O 18. Nf6 Bxf6 19. Qxf6 Ng6 20. Nf1 g4 21. Qg5 Nh4 22. Qe3 Qc6 23. Ba3 d4 24. Qe4 Qb6 25. Rad1 a5 26. Bc1 Rdg8 27. Bf4 Nf5 28. Ng3 Nxg3 29. Bxg3 Qb7 30. Rd3 Qxe4 31. Rxe4 Kd7 32. f3 gxf3 33. Rxf3 Rh7 34. Ref4 Kc6 35. Rxf7 Rxf7 36. Rxf7 a4 37. Rf3 Na6 38. bxa4 Nb4 39. Be1 Rg5 40. Bg3 d3 41. Kf1 Rg4 42. Bf4 Nc2 43. g3 d2 44. Rd3 1-0